F1 Tracks by Map 2023 - Statistics

General Stats
  • This quiz has been taken 12,259 times
    12,254 since last reset
  • The average score is 17 of 23
Answer Stats
Picture Answer % Correct
Italy
87%
Monaco
86%
Japan
84%
Azerbaijan
83%
Las Vegas
83%
Saudi Arabia
79%
Belgium
78%
Austria
76%
Bahrain
75%
Spain
75%
Hungary
73%
Singapore
73%
Great Britain
71%
Brazil
69%
Miami
69%
Qatar
69%
United States
69%
Abu Dhabi
68%
Canada
68%
Australia
67%
Netherlands
67%
Emilia Romagna
65%
Mexico
63%
No matching quizzes found
Score Distribution
Percent of People with Each Score
Percentile by Number Answered
Your Score History
You have not taken this quiz since the last reset